000
00320nam a2200133Ia 4500
008
231017s9999 xx 000 0 und d
082
_a
625.85
082
_b
FRI
245
0
_a
NCHRP Report 356: Pavement Markings Design and Typical Layout Details
245
0
_c
TRB
260
_b
TRB
300
_c
30cm
942
_c
REP
999
_c
604659
_d
604659